ਠੰਢੀ ਧਰਤੀ ਤਪਦੇ ਲੋਕ (Record no. 1226441)

MARC details
000 -LEADER
fixed length control field 00676nam a2200205Ia 4500
005 - DATE AND TIME OF LATEST TRANSACTION
control field 20241129105903.0
008 - FIXED-LENGTH DATA ELEMENTS--GENERAL INFORMATION
fixed length control field 241129s9999||||xx |||||||||||||| ||und||
037 ## - SOURCE OF ACQUISITION
Stock number TB
040 ## - CATALOGING SOURCE
Original cataloging agency ARTS
Language of cataloging pun
Transcribing agency ARTS
041 ## - LANGUAGE CODE
Language code of text/sound track or separate title pun
Source of code pun
084 ## - COLON CLASSIFICATION NUMBER
Classification number U8 153Q4
Assigning agency ARTS
100 ## - MAIN ENTRY--PERSONAL NAME
Personal name ਘੁਗਿਆਣਵੀ, ਨਿੰਦਰ, ਚ।
245 #0 - TITLE STATEMENT
Title ਠੰਢੀ ਧਰਤੀ ਤਪਦੇ ਲੋਕ
Statement of responsibility, etc. ਘੁਗਿਆਣਵੀ, ਨਿੰਦਰ, ਚ।
260 ## - PUBLICATION, DISTRIBUTION, ETC.
Place of publication, distribution, etc. ਦਿੱਲੀ, ਭਾਰਤ
Name of publisher, distributor, etc. ਦਿੱਲੀ ਨਵਯਗ
Date of publication, distribution, etc. 2022
300 ## - PHYSICAL DESCRIPTION
Extent 205ਪ੍ਰ0
365 ## - TRADE PRICE
Price type code INR
Price amount 350
650 ## - SUBJECT ADDED ENTRY--TOPICAL TERM
Topical term or geographic name entry element GeographyTravel
9 (RLIN) 726204
942 ## - ADDED ENTRY ELEMENTS (KOHA)
Koha item type Textbook
Classification part U8 153Q4
Holdings
Withdrawn status Lost status Damaged status Not for loan Home library Current library Date acquired Source of acquisition Cost, normal purchase price Inventory number Total Checkouts Full call number Barcode Date last seen Price effective from Koha item type
        Arts Library Arts Library 2024-11-29 H.K. Prakashan 350.00 1529 & 10/02/2023   U8 153Q4 AL1667474 2024-11-29 2024-11-29 Textbook
Copyright @ Delhi University Library System